00389nam a2200109 4500245014900000100002000149710002400169260003100193300002400224020001500248082001600263 aFitting statistical distributions : the generalized lambda distribution and generalized bootstrap methodscZaven A Karian and Edward J. Dudewicz aKarian,Zaven A. aDudewicz, Edward J. aNew YorkbCRC PresscC2000 axvii, 438p.; 24 cm. a1584880694 a519.24bKAR